000 00514nam a22001937a 4500
003 OSt
005 20251218133932.0
008 251218b |||||||| |||| 00| 0 eng d
040 _cDCL
041 _aEnglish
082 _a923.1591
100 0 _aKhin Myo Chit
245 1 0 _aA king among men /
_cKhin Myo Chit.
250 _aThird edition.
260 _aYangon :
_bTetlan Sarpay,
_c1996.
300 _a234 pages :
_bmap ;
_c24 cm.
651 _aMyanmar
_xKings & Rulers
942 _2ddc
_cSHORT TERM
_n0
999 _c2750
_d2750